Southville International School and Colleges
Your cart is empty.
  • Cart
  • Lists
    Public lists Eva Luna New books Lux_list list_1
    Your lists Log in to create your own lists
  • Log in to your account
  • Your cookies
  • Search history
Southville International School and Colleges
  • Advanced search
  • Recent comments
  • Most popular
  • Libraries

Log in to your account

Log in with GOOGLE


If you do not have an external account, but do have a local account, you can still log in:

  1. Home
  2. MARC view: Game programming gems 7.
Normal view MARC view ISBD view

Game programming gems 7. (Record no. 23237)

[ view plain ]
MARC details
000 -LEADER
fixed length control field 00547nam a2200193 a 4500
005 - DATE AND TIME OF LATEST TRANSACTION
control field 20140310183446.0
008 - FIXED-LENGTH DATA ELEMENTS--GENERAL INFORMATION
fixed length control field 081002s19uu xx 00 eng d
020 ## - INTERNATIONAL STANDARD BOOK NUMBER
International Standard Book Number 9781584505273
050 ## - LIBRARY OF CONGRESS CALL NUMBER
Classification number QA 76.76.C672
Item number .G3647 2008
100 ## - MAIN ENTRY--PERSONAL NAME
Personal name Jacobs, Scott
245 ## - TITLE STATEMENT
Title Game programming gems 7.
260 ## - PUBLICATION, DISTRIBUTION, ETC. (IMPRINT)
Place of publication, distribution, etc Boston, U.S.A :
Name of publisher, distributor, etc Course Technology,
Date of publication, distribution, etc 2008.
300 ## - PHYSICAL DESCRIPTION
Extent 586 p. :
Other physical details ill. ;
Dimensions 26 cm.
650 ## - SUBJECT ADDED ENTRY--TOPICAL TERM
Topical term or geographic name as entry element Computer Studies.
650 ## - SUBJECT ADDED ENTRY--TOPICAL TERM
Topical term or geographic name as entry element Computer games
General subdivision Programming.
650 ## - SUBJECT ADDED ENTRY--TOPICAL TERM
Topical term or geographic name as entry element Computer graphics.
942 ## - ADDED ENTRY ELEMENTS (KOHA)
Koha item type Books
Source of classification or shelving scheme Library of Congress Classification
Call number prefix Foreign
Holdings
Withdrawn status Lost status Source of classification or shelving scheme Damaged status Home library Current library Shelving location Date acquired Source of acquisition Total Checkouts Full call number Barcode Date last seen Copy number Price effective from Koha item type
    Library of Congress Classification   College Library College Library Graduate Section 01/09/2014 Donation   QA 76.76.C672 .G3647 2008 C9826 05/15/2018 1 01/09/2014 Books

Game programming gems 7.

APA

Jacobs S., . (2008). Game programming gems 7. Boston, U.S.A: Course Technology.

Chicago

Jacobs Scott, . 2008. Game programming gems 7. Boston, U.S.A: Course Technology.

Harvard

Jacobs S., . (2008). Game programming gems 7. Boston, U.S.A: Course Technology.

MLA

Jacobs Scott, . Game programming gems 7. Boston, U.S.A: Course Technology. 2008.

  • Place hold
  • Print
  • Cite
  • Add to your cart (remove)
  • Save record
    BIBTEX Dublin Core MARCXML MARC (non-Unicode/MARC-8) MARC (Unicode/UTF-8) MARC (Unicode/UTF-8, Standard) MODS (XML) RIS
  • More searches
    Search for this title in:
    Other Libraries (WorldCat) Other Databases (Google Scholar) Online Stores (Bookfinder.com) Open Library (openlibrary.org)

Exporting to Dublin Core...

SOUTHVILLE LIBRARY

Southville International School and Colleges Library

1281 Tropical Ave. Cor. Luxembourg St., BF Homes International, Las Pinas City

Tel. No. 8256374 / 252358 Loc. 117/146

Powered by Koha